| 000 | 00965nam a22002417a 4500 | ||
|---|---|---|---|
| 005 | 20231218143859.0 | ||
| 008 | 130117t xxu||||| |||| 00| 0 eng d | ||
| 010 | _aB-756079-085 | ||
| 020 |
_a9788183823029 _c250.00 |
||
| 035 | _aB-756079-085 | ||
| 037 | _bLotus Press | ||
| 040 | _bENG | ||
| 082 | _a280 | ||
| 100 |
_aKamath, A. K. _954844 |
||
| 245 |
_aPositive mind power : _cby A. K. Kamath _b(lessons that guide and inspire) / |
||
| 260 |
_aNew Delhi _bLotus Press _c2023 |
||
| 270 |
_a4735/22 , Prakash Deep Building Ansari Road, Darya Ganj, _bNew Delhi _e110002 |
||
| 300 |
_av, 208p. _c22cm(pbk) |
||
| 500 | _aIncludes selected readings | ||
| 651 |
_aIndia _xHistory _yTo 1206 A.D. _954845 |
||
| 942 |
_2ddc _cEN _mKAM _h280 |
||
| 999 |
_c199329 _d199329 |
||